| 000 | 00768nam a2200193 i 4500 | ||
|---|---|---|---|
| 001 | 152743 | ||
| 003 | ES-MaACL | ||
| 005 | 20250828023342.0 | ||
| 008 | 020716s1878 sp |||| | spa d | ||
| 100 | 1 |
_aBrochard, André-Théodore. _931829 |
|
| 245 | 1 | 3 |
_aEl arte de criar los niños / _cBrochard ; versión española de P.G. de Velasco y Á. Pulido. |
| 260 |
_aMadrid : _b[s.n.], _c1878 ( _fImp. Central, a cargo de V. Saiz) |
||
| 300 |
_aVIII, 46 p. ; _c17 cm. |
||
| 650 | 0 | 7 |
_aEducación de niños _2embne _912099 |
| 700 | 1 |
_aGonzález Velasco, Pedro, _d1815-1882 _9127434 |
|
| 700 | 1 |
_aPulido, Ángel, _d1852-1932 _9149324 |
|
| 852 |
_aES-MaACL _jT-764-F-4 _z- Enc. hol., conservando cub. original _z- Enc. en un vol. facticio |
||
| 999 |
_c152743 _d152743 |
||